000
00269nam a22001217a 4500
008
181204b xxu||||| |||| 00| 0 eng d
041
_a
eng
080
_a
574
100
_a
9
101
_a
mje
245
_a
Red River Gorge Trail Guide
_c
Jerrell G
942
_2
udc
_c
BK
999
_c
52749
_d
52749